000 01718nam a2200265Ia 4500
003 CO-CtgCURN
005 20250408180637.0
008 190722s9999 xx 000 0 und d
020 _a9586902455
040 _aCO-CtgCURN
_bspa
_ccoctgcurn
082 _a340.1
_bV645
100 _aVictoria Ochoa, Diego Fernando
_96358
_eautor
245 0 _aDerecho y valor :
_bhacia una concepción axiologista de la ciencia jurídica /
_cDiego Fernando Victoria Ochoa
260 _aBogotá, Colombia :
_bLeyer,
_c2001
300 _a156 páginas ;
_c21 centímetros.
504 _aIncluye referencias bibliografica
505 _a Cap.1. Aspectos generales -- Cap.2. El valor en los esquemas generales del pensamiento filosófico -- A. Los presocráticos -- B. Los clásicos -- C. Los post-clásicos -- D. La escolástica -- E. El renacimiento -- F. El idealismo kantiano -- G. El idealismo en Alemania. Auge y crisis -- H. El neo-kantismo -- I. El positivismo -- J. La fenomenología de los valores -- Cap.3. El valor en los esquemas particulares de pensamiento de la ciencia jurídica -- A. El historicismo -- B. La jurisprudencia de conceptos -- C. El positivismo jurídico -- La teoría pura del derecho -- Cap.4. El problema epistemológico del valor jurídico -- A. Ubicación -- B. Naturaleza del valor -- C. El juicio de validez del valor jurídico -- D. El juicio de certeza del valor jurídico.
521 _aAREA PROFESIONAL
590 _aPrograma de Derecho_18
650 _aDerecho
_96359
650 _aFilosofia del derecho
_96360
942 _cBK
_h340.1
_iV645
_2ddc
_n0
999 _c28159
_d28159